| 000 | 01154nam a22002895a 4500 | ||
|---|---|---|---|
| 005 | 20160317152637.0 | ||
| 008 | 160317s2002 gw a frb 001 0 eng d | ||
| 020 | _a9783642627552 | ||
| 040 |
_aEG-ScBUE _beng _cEG-ScBUE |
||
| 082 | 0 | 4 |
_a620.0028553 _bPOR _222 |
| 100 | 1 |
_aPortela, A. _q(Artur) _939583 |
|
| 245 | 1 | 0 |
_aFinite elements using Maple : _ba symbolic programming approach / _cA. Portela, A. Charafi. |
| 250 | _a1st ed., Corr. 2nd printing. | ||
| 260 |
_aBerlin ; _aNew York : _bSpringer, _c2002. |
||
| 300 |
_axv, 325 p. : _bill. ; _c24 cm. |
||
| 490 | 0 | _aEngineering online library | |
| 500 | _aIndex : p. [323]-325. | ||
| 504 | _aIncludes bibliographical references. | ||
| 520 | _aWritten to be used as the primary text for an undergraduate or early postgraduate course, this text also serves as a reference book for engineers and scientists who want to develop finite-element programs. | ||
| 630 | 0 | 7 |
_aMaple (Computer file) _2BUEsh _939584 |
| 650 | 0 |
_aEngineering Mathematics _xData processing. _2BUEsh |
|
| 651 | _2BUEsh | ||
| 653 |
_bCOMSCI _cMarch2016 |
||
| 655 |
_vReading book _934232 |
||
| 700 | 1 | _aCharafi, A. | |
| 942 | _2ddc | ||
| 999 |
_c21441 _d21413 |
||